TextBook of Pharmaceutical Chemistry-1(inorganic) (Record no. 6338)

MARC details
000 -LEADER
fixed length control field 00547nam a22002057a 4500
003 - CONTROL NUMBER IDENTIFIER
control field OSt
005 - DATE AND TIME OF LATEST TRANSACTION
control field 20190930153342.0
008 - FIXED-LENGTH DATA ELEMENTS--GENERAL INFORMATION
fixed length control field 190930b ||||| |||| 00| 0 eng d
020 ## - INTERNATIONAL STANDARD BOOK NUMBER
International Standard Book Number 9788123904153
020 ## - INTERNATIONAL STANDARD BOOK NUMBER
International Standard Book Number 8123904150
040 ## - CATALOGING SOURCE
Transcribing agency DNLM
082 ## - DEWEY DECIMAL CLASSIFICATION NUMBER
Classification number QV744 A41a 1995
100 ## - MAIN ENTRY--PERSONAL NAME
Personal name Ali, Mohammed
9 (RLIN) 1641
245 ## - TITLE STATEMENT
Title TextBook of Pharmaceutical Chemistry-1(inorganic)
260 ## - PUBLICATION, DISTRIBUTION, ETC. (IMPRINT)
Place of publication, distribution, etc. New Delhi;
Name of publisher, distributor, etc. CBS Publishers,
Date of publication, distribution, etc. 1995
300 ## - PHYSICAL DESCRIPTION
Extent vi,314p;
Other physical details Ill:
Dimensions 21cm
504 ## - BIBLIOGRAPHY, ETC. NOTE
Bibliography, etc Index included
650 ## - SUBJECT ADDED ENTRY--TOPICAL TERM
Topical term or geographic name as entry element Pharmaceuticals
9 (RLIN) 5840
942 ## - ADDED ENTRY ELEMENTS (KOHA)
Source of classification or shelving scheme Other/Generic Classification Scheme
Koha item type Book Bank
Holdings
Withdrawn status Lost status Source of classification or shelving scheme Damaged status Not for loan Home library Current library Date acquired Source of acquisition Inventory number Total Checkouts Full call number Barcode Date last seen Koha item type
    Dewey Decimal Classification     MUST Main Library MUST Main Library 30/09/2019 Purchase 19/40736   QV744 A41a 1995 2019-0494 30/09/2019 Open Shelf
    Dewey Decimal Classification     MUST Main Library MUST Main Library 30/09/2019 Purchase 19/40737   QV744 A41a 1995 2019-0495 30/09/2019 Open Shelf
    Dewey Decimal Classification     MUST Main Library MUST Main Library 30/09/2019 Purchase 19/40738   QV744 A41a 1995 2019-0496 30/09/2019 Open Shelf